Countries of the World - 15 Second Sprint - Statistics

General Stats
  • This quiz has been taken 10 times
  • The average score is 8 of 196
Answers on the Map
Answers color-coded by a green-red scale on the quiz's map according to % correct below.
 
Answer Stats
Country % Correct
United States
67%
China
56%
Chad
44%
United Kingdom
44%
Brazil
33%
Mali
33%
Russia
33%
United Arab Emirates
33%
Austria
22%
Canada
22%
Chile
22%
Dominican Republic
22%
Iran
22%
Iraq
22%
Italy
22%
Japan
22%
Peru
22%
Afghanistan
11%
Albania
11%
Algeria
11%
Argentina
11%
Armenia
11%
Australia
11%
Belarus
11%
Bosnia and Herzegovina
11%
Cambodia
11%
Cameroon
11%
Democratic Republic of the Congo
11%
France
11%
Germany
11%
India
11%
Mexico
11%
Nepal
11%
Netherlands
11%
New Zealand
11%
North Korea
11%
North Macedonia
11%
Norway
11%
Saudi Arabia
11%
South Korea
11%
Spain
11%
Ukraine
11%
Andorra
0%
Angola
0%
Antigua and Barbuda
0%
Azerbaijan
0%
Bahamas
0%
Bahrain
0%
Bangladesh
0%
Barbados
0%
Belgium
0%
Belize
0%
Benin
0%
Bhutan
0%
Bolivia
0%
Botswana
0%
Brunei
0%
Bulgaria
0%
Burkina Faso
0%
Burundi
0%
Cape Verde
0%
Central African Republic
0%
Colombia
0%
Comoros
0%
Costa Rica
0%
Croatia
0%
Cuba
0%
Cyprus
0%
Czech Republic
0%
Denmark
0%
Djibouti
0%
Dominica
0%
East Timor
0%
Ecuador
0%
Egypt
0%
El Salvador
0%
Equatorial Guinea
0%
Eritrea
0%
Estonia
0%
Eswatini
0%
Ethiopia
0%
Federated States of Micronesia
0%
Fiji
0%
Finland
0%
Gabon
0%
Gambia
0%
Georgia
0%
Ghana
0%
Greece
0%
Grenada
0%
Guatemala
0%
Guinea
0%
Guinea-Bissau
0%
Guyana
0%
Haiti
0%
Honduras
0%
Hungary
0%
Iceland
0%
Indonesia
0%
Ireland
0%
Israel
0%
Ivory Coast
0%
Jamaica
0%
Jordan
0%
Kazakhstan
0%
Kenya
0%
Kiribati
0%
Kosovo
0%
Kuwait
0%
Kyrgyzstan
0%
Laos
0%
Latvia
0%
Lebanon
0%
Lesotho
0%
Liberia
0%
Libya
0%
Liechtenstein
0%
Lithuania
0%
Luxembourg
0%
Madagascar
0%
Malawi
0%
Malaysia
0%
Maldives
0%
Malta
0%
Marshall Islands
0%
Mauritania
0%
Mauritius
0%
Moldova
0%
Monaco
0%
Mongolia
0%
Montenegro
0%
Morocco
0%
Mozambique
0%
Myanmar
0%
Namibia
0%
Nauru
0%
Nicaragua
0%
Niger
0%
Nigeria
0%
Oman
0%
Pakistan
0%
Palau
0%
Panama
0%
Papua New Guinea
0%
Paraguay
0%
Philippines
0%
Poland
0%
Portugal
0%
Qatar
0%
Republic of the Congo
0%
Romania
0%
Rwanda
0%
Saint Kitts and Nevis
0%
Saint Lucia
0%
Saint Vincent and the Grenadines
0%
Samoa
0%
San Marino
0%
São Tomé and Príncipe
0%
Senegal
0%
Serbia
0%
Seychelles
0%
Sierra Leone
0%
Singapore
0%
Slovakia
0%
Slovenia
0%
Solomon Islands
0%
Somalia
0%
South Africa
0%
South Sudan
0%
Sri Lanka
0%
Sudan
0%
Suriname
0%
Sweden
0%
Switzerland
0%
Syria
0%
Taiwan
0%
Tajikistan
0%
Tanzania
0%
Thailand
0%
Togo
0%
Tonga
0%
Trinidad and Tobago
0%
Tunisia
0%
Turkey
0%
Turkmenistan
0%
Tuvalu
0%
Uganda
0%
Uruguay
0%
Uzbekistan
0%
Vanuatu
0%
Vatican City
0%
Venezuela
0%
Vietnam
0%
Yemen
0%
Zambia
0%
Zimbabwe
0%
No matching quizzes found
Score Distribution
Percent of People with Each Score
Percentile by Number Answered
Your Score History
You have not taken this quiz